00572 2200217 4500001002100000005001700021008004100038020001800079035002500097082001000122090001900132100001200151245003800163250001100201260003100212300003100243500002600274650002500300850001200325990001700337YOGYA-0209000003398420150707135202.0 ind  a979-497-706-3 a0010-020900000033984 a636.5 aT 636.5bHar B aHARYOTO aBeternak merpati kipasc/ Haryoto aCet. 3 aYogyakartabKanisiusc1999 a51 hlm. :bilus. ;c21 cm. aBibliografi : hlm. 51 aTernak merpati kipas aYOPDYOG a3464-PN/P.00